Sdlt, trusts and probate (Record no. 76073)

MARC details
000 -LEADER
fixed length control field 01085cab a2200229 4500
001 - CONTROL NUMBER
control field ##L131416
008 - FIXED-LENGTH DATA ELEMENTS--GENERAL INFORMATION
fixed length control field 051101n2005 000 0 eng u
035 ## - SYSTEM CONTROL NUMBER
System control number (Sirsi) u131416
041 0# - LANGUAGE CODE
Language code of text/sound track or separate title eng
100 1# - MAIN ENTRY--PERSONAL NAME
Personal name Hutton, Matthew
245 00 - TITLE STATEMENT
Title Sdlt, trusts and probate
260 ## - PUBLICATION, DISTRIBUTION, ETC.
Date of publication, distribution, etc. 2005
490 #0 - SERIES STATEMENT
Series statement New Law Journal
Volume/sequential designation 155(7197) 21 October 2005 1589-1590(2)
520 ## - SUMMARY, ETC.
Summary, etc. Discusses the implications of stamp duty land tax (SDLT) for trustees and personal representatives. Warns that since 1 December 2003, a trustee is personally liable for SDLT or interest for which the trustees as a body are liable in respect to a transaction in land which occurred before they became a trustee. Considers practical matters affecting trusts, settlements and wills and probate, and the implications of a debt or charge route on the family home.
590 ## - LOCAL NOTE (RLIN)
Local note IKA081105
650 24 - SUBJECT ADDED ENTRY--TOPICAL TERM
Topical term or geographic name entry element STAMP DUTY LAND TAX
650 24 - SUBJECT ADDED ENTRY--TOPICAL TERM
Topical term or geographic name entry element FINANCE ACT 2003
650 24 - SUBJECT ADDED ENTRY--TOPICAL TERM
Topical term or geographic name entry element TAXATION OF CHARGEABLE GAINS ACT 1992
650 24 - SUBJECT ADDED ENTRY--TOPICAL TERM
Topical term or geographic name entry element INHERITANCE TAX ACT 1984
690 ## - LOCAL SUBJECT ADDED ENTRY--TOPICAL TERM (OCLC, RLIN)
Topical term or geographic name as entry element PROPERTY-PROPERTY TAXATION-STAMP DUTY
942 ## - ADDED ENTRY ELEMENTS (KOHA)
Suppress in OPAC 0
Holdings
Withdrawn status Lost status Source of classification or shelving scheme Damaged status Not for loan Home library Current library Shelving location Date acquired Total Checkouts Full call number Barcode Date last seen Copy number Price effective from Koha item type
    Dewey Decimal Classification     London London Journal article 01/11/2005   L131416 131416-1001 06/08/2019 1 06/08/2019 Journal article